00760nam a22002177a 450000500170000001000150001702000260003203500090005803700130006708200080008010000300008824500520011826000540017027000350022430000410025970000390030070000360033994200220037599900190039795201260041620240318105212.0 aENG-139738 a9789325981041c252.00 aEN-1 bDBAD/PUB a510 aBikas Chandra Bhui963462 aApplied Mathematics -I/cBy Bikas Chandra Bhui  aNoida (UP)bVikas Publishing House PVT LTD c2015 aE-28,Sector -8,bNoidae201301 a380p.c24cm(pbk)bReferences & Index aBhui, Bikas ChandraeAuthor963463 aMohapatra, KirtieAuthor963464 2ddccENm510hBHU c201546d201546 001040708NFICaBNbBNd2024-03-18eDBADg252.00l0o510 BHUpEN-123270r2024-03-18 00:00:00t1v252.00w2024-03-18yEN